Normal view MARC view
  • Revoluciones

Entry Materia

Number of records used in: 14

001 - NÚMERO DE CONTROL DEL REGISTRO

  • campo de control: 20714

003 - IDENTIFICADOR DE NUMERO DE CONTROL

  • campo de control: UPN

005 - FECHA Y HORA DE LA ÚLTIMA TRANSACCIÓN

  • campo de control: 20230511141814.0

008 - DATOS DE LONGITUD FIJA

  • campo de control de longitud fija: 230511n||acnnnbabn a ana |d

035 ## - NÚMERO DE CONTROL DEL SISTEMA

  • Número de control del sistema: UPN10000020723

040 ## - FUENTE DE LA CATALOGACIÓN

  • Centro catalogador de origen: UPN
  • Lengua de catalogación: spa
  • Agencia de transcripción: UPN

046 ## - FECHAS CON CODIFICACIÓN ESPECIAL

  • Fecha final para contenidos agregados: 2023

053 #4 - NÚMERO CLASIFICADOR - BIBLIOTECA DEL CONGRESO (LC)

  • Elemento numérico de la clasificación - Número único o no. inicial del rango: JC491

053 #4 - NÚMERO CLASIFICADOR - BIBLIOTECA DEL CONGRESO (LC)

  • Elemento numérico de la clasificación - Número único o no. inicial del rango: HM876

150 ## - ENCABEZAMIENTO - TEMÁTICO

  • Término de materia o nombre geográfico como elemento inicial: Revoluciones

450 ## - VÉASE - MATERIA

  • Encabezamiento temático: Guerras revolucionarias

550 ## - VÉASE ADEMÁS - MATERIA

  • Subcampo de control: g
  • Encabezamiento temático o nombre geográfico como elemento de entrada: Ciencia política

550 ## - VÉASE ADEMÁS - MATERIA

  • Subcampo de control: g
  • Encabezamiento temático o nombre geográfico como elemento de entrada: Guerra

550 ## - VÉASE ADEMÁS - MATERIA

  • Subcampo de control: h
  • Encabezamiento temático o nombre geográfico como elemento de entrada: Literatura y revoluciones

550 ## - VÉASE ADEMÁS - MATERIA

  • Subcampo de control: h
  • Encabezamiento temático o nombre geográfico como elemento de entrada: Mujeres revolucionarias

550 ## - VÉASE ADEMÁS - MATERIA

  • Subcampo de control: h
  • Encabezamiento temático o nombre geográfico como elemento de entrada: Revoluciones y socialismo

670 ## - FUENTE EN LA QUE SE LOCALIZARON DATOS

  • Cita de la fuente: Librunam autoridades, 11 mayo 2023:
  • Información localizada: (Revoluciones)

902 ## - CATALOGADOR

  • Catalogador: CAA/141096